Explanatory notes upon the New Testament. (Record no. 296)

000 -LEADER
fixed length control field 00842nam a2200217 a 4500
001 - CONTROL NUMBER
control field :::00013449$&:&@@
003 - CONTROL NUMBER IDENTIFIER
control field OkBaRHE
005 - DATE AND TIME OF LATEST TRANSACTION
control field 20100323201012.0
008 - FIXED-LENGTH DATA ELEMENTS--GENERAL INFORMATION
fixed length control field s1986 j 000 0 eng u
040 ## - CATALOGING SOURCE
Transcribing agency
100 1# - MAIN ENTRY--PERSONAL NAME
Personal name Wesley, John, 1703-1791.
245 10 - TITLE STATEMENT
Title Explanatory notes upon the New Testament.
260 ## - PUBLICATION, DISTRIBUTION, ETC. (IMPRINT)
Place of publication, distribution, etc Peabody, MA., :
Name of publisher, distributor, etc Hendrickson Publishers Inc.
Date of publication, distribution, etc 1986
300 ## - PHYSICAL DESCRIPTION
Extent v. <1-2> ;
Dimensions 23 cm.
650 ## - SUBJECT ADDED ENTRY--TOPICAL TERM
Topical term or geographic name as entry element Bible New Testament
General subdivision Commentaries
650 ## - SUBJECT ADDED ENTRY--TOPICAL TERM
Topical term or geographic name as entry element Bible New Testament
General subdivision Introductions
942 ## - ADDED ENTRY ELEMENTS (KOHA)
Source of classification or shelving scheme
Koha item type Books
Copies
Price effective from Withdrawn status Shelving location Koha item type Not for loan Permanent Location Full call number Current Location Total Renewals Collection code Source of classification or shelving scheme Date acquired Total Checkouts Date checked out Barcode Lost status Date last seen Copy number Damaged status
2010-04-14 General StacksBooks RHEMA Bible Training CollegeBS 2340 .W4  Reference 2010-04-14  17959 2018-03-162 
2010-04-14 General StacksBooks RHEMA Bible Training CollegeBS 2340 .W4RHEMA Bible Training College2Reference 2010-04-1412011-10-2913449 2018-03-161 
2010-04-14 General StacksBooks RHEMA Bible Training CollegeBS 2340 .W4RHEMA Bible Training College2Reference 2010-04-1412011-10-2917997 2018-03-163